Największe kosy Zagłębia Sosnowiec - Statystyki

Ogólne statystyki
  • Ten quiz został rozwiązany 136 razy
  • Średni wynik to 7 z 11
Statystyki odpowiedzi
Klub % Poprawnych
GKS Katowice
99%
Ruch Chorzów
93%
Górnik Zabrze
85%
Wisła Kraków
83%
Cracovia
66%
Arka Gdynia
65%
GKS Tychy
63%
Polonia Bytom
63%
Pogoń Szczecin
51%
Podbeskidzie Bielsko Biała
29%
Odra Opole
23%
Nie znaleziono quizów pasujących do podanych kryteriów
Rozkład punktacji
Procent ludzi z każdym wynikiem
Percentyl według liczby udzielonych odpowiedzi
Twoja historia wyników
Nie rozwiązałeś tego quizu